How to support and manage teaching assistants / (Record no. 2409)
[ view plain ]
| 000 -LEADER | |
|---|---|
| fixed length control field | 00533nam a2200193 4500 |
| 003 - CONTROL NUMBER IDENTIFIER | |
| control field | OSt |
| 005 - DATE AND TIME OF LATEST TRANSACTION | |
| control field | 20240719021917.0 |
| 008 - FIXED-LENGTH DATA ELEMENTS--GENERAL INFORMATION | |
| fixed length control field | 240719b |||||||| |||| 00| 0 eng d |
| 020 ## - INTERNATIONAL STANDARD BOOK NUMBER | |
| International Standard Book Number | 1855033852 |
| 040 ## - CATALOGING SOURCE | |
| Original cataloging agency | DWCL-Main lib. |
| Transcribing agency | OC |
| 082 ## - DEWEY DECIMAL CLASSIFICATION NUMBER | |
| Classification number | Circ. 371.14124 B619h 2004 |
| 006 - FIXED-LENGTH DATA ELEMENTS--ADDITIONAL MATERIAL CHARACTERISTICS | |
| fixed length control field | a |
| 100 ## - MAIN ENTRY--PERSONAL NAME | |
| Personal name | Birkett, Veronica |
| 245 ## - TITLE STATEMENT | |
| Title | How to support and manage teaching assistants / |
| 260 ## - PUBLICATION, DISTRIBUTION, ETC. | |
| Place of publication, distribution, etc. | UK : |
| Name of publisher, distributor, etc. | LDA, |
| Date of publication, distribution, etc. | c2004. |
| 300 ## - PHYSICAL DESCRIPTION | |
| Other physical details | 64 p. ; |
| Dimensions | 30 cm. |
| 504 ## - BIBLIOGRAPHY, ETC. NOTE | |
| Bibliography, etc. note | Includes bibliographical references.<br/> |
| 942 ## - ADDED ENTRY ELEMENTS (KOHA) | |
| Source of classification or shelving scheme | Dewey Decimal Classification |
| Suppress in OPAC | No |
| Koha item type | Book Circulation |
| Call number prefix | Circ. |